Qué es la dislexia escolar? /

Guardado en:
Autor Principal: Azcoaga, Juan E.
Formato: Libro
Publicado: Rosario : Biblioteca, 1969
Materias:
Etiquetas: Agregar Etiqueta
Sin Etiquetas, Sea el primero en etiquetar este registro!
LEADER 00437nam a22001575a 4500
001 CEM.cems000771
005 20060210000000.0
008 130507s1969##################000#0#####d
003 CEMS
082 0 4 |a 371.394 
100 1 |a Azcoaga, Juan E. 
245 1 0 |a Qué es la dislexia escolar? / 
260 |a Rosario :  |b Biblioteca,  |c 1969 
300 |a 60 p. 
653 |a Desarrollo individual 
859 |a CEMS  |b BIB. CEMS - 11 de abril  |h 371.394  |i Az63  |p 8460.80  |t Ej.1